000 00627nam a2200241 a 4500
001 nice12345678
003 IN_TiNIC
005 20260116012913.0
008 050524s1985 elua grp 000 0 eng
020 _a
_c100
082 0 0 _a297.06
_bANV
100 _aAnver, Mohammad
245 _aSixty Eight Years of Anjuman-E-Muhafizul Islam(with a Brief History of Elur
260 _aEluru
_bIslamic Centre
_c1985
300 _a140p
500 _aincludes index and biblioraphy
505 2 _aIndex
650 _aAnjuman-E-Muhafizul Islam
700 1 _aAnver, Mohammad
902 _bSRS
942 _cBK
999 _c8828
_d8828